00705nam a2200205 a 4500001001000000003000900010005001700019007000300036008004100039020001800080040002500098082002500123100004400148245008500192260003900277300002800316500007000344504002800414651005700442000045879DO-SdBNP20221130092745.0ta150526s2015 dr a 000 0 spa d a9789945589542 aDO-SdBNPbspacBNPHU 4a972.93054bM623p2221 aMichel Peguero, Rafael Martín,d1937-10aPedro Santana :bel marqués de las carreras /cRafael Martín Michel Peguero. aSanto Domingo :bSantuario,c2015. a400 p. :bil. ;c23 cm. aIncluye datos biográficos del autor en la solapa de la cubierta aBibliografía : p. 401 4aRepública DominicanaxHistoriavRevolución, 1965